[Event "15th International Khazar Cup (Masters) 2017"]
[Site "Rasht,Guilan,Iran"]
[Date "2017.01.21"]
[Round "2"]
[Board "8"]
[White "Faghirnavaz, Ali"]
[Black "Idani, Pouya"]
[Result "0-1"]
[WhiteElo "2291"]
[BlackElo "2552"]
[PlyCount "0"]
[EventDate "2017.01.20"]
[EventRounds "9"]
[EventCountry "IRI"]

1. d4 {[%clk 1:27:27]} Nf6 {[%clk 1:30:54]} 2. c4 {[%clk 1:27:24]} c5
{[%clk 1:30:44]} 3. d5 {[%clk 1:28:04]} g6 {[%clk 1:31:40]} 4. Nc3
{[%clk 1:28:28]} Bg7 {[%clk 1:32:07]} 5. e4 {[%clk 1:25:02]} d6 {[%clk 1:32:30]}
6. Nf3 {[%clk 1:24:05]} O-O {[%clk 1:32:53]} 7. h3 {[%clk 1:20:27]} e6
{[%clk 1:32:40]} 8. Bd3 {[%clk 1:20:27]} Na6 {[%clk 1:33:07]} 9. O-O
{[%clk 1:20:37]} Nc7 {[%clk 1:33:35]} 10. a4 {[%clk 1:20:39]} e5 {[%clk 1:33:11]}
11. a5 {[%clk 1:12:13]} Nfe8 {[%clk 1:30:55]} 12. Bg5 {[%clk 1:07:12]} f6
{[%clk 1:31:04]} 13. Bh4 {[%clk 1:06:22]} Qd7 {[%clk 1:25:08]} 14. Ne1
{[%clk 1:04:36]} f5 {[%clk 1:23:41]} 15. f3 {[%clk 1:04:28]} f4 {[%clk 1:19:28]}
16. Nc2 {[%clk 1:00:56]} Na6 {[%clk 1:19:43]} 17. Qd2 {[%clk 0:55:44]} h6
{[%clk 1:16:46]} 18. Bf2 {[%clk 0:52:38]} g5 {[%clk 1:17:10]} 19. Na4
{[%clk 0:53:02]} h5 {[%clk 1:13:28]} 20. Rfb1 {[%clk 0:47:29]} g4
{[%clk 1:12:52]} 21. hxg4 {[%clk 0:46:34]} hxg4 {[%clk 1:13:16]} 22. Kf1 Rf6
{[%clk 0:57:00]} 23. Ke2 {[%clk 0:43:00]} Rh6 {[%clk 0:56:18]} 24. Qe1
{[%clk 0:25:53]} Rh2 {[%clk 0:50:38]} 25. Qg1 {[%clk 0:26:04]} g3
{[%clk 0:51:03]} 26. b4 {[%clk 0:20:13]} Qf7 {[%clk 0:51:00]} 27. bxc5
{[%clk 0:10:52]} Qh5 {[%clk 0:50:24]} 28. cxd6 {[%clk 0:10:44]} gxf2
{[%clk 0:50:40]} 29. Qxf2 {[%clk 0:11:09]} Qg6 {[%clk 0:49:21]} 30. Ne1
{[%clk 0:09:32]} Nxd6 {[%clk 0:45:40]} 31. c5 {[%clk 0:09:24]} Nf7
{[%clk 0:44:24]} 32. Kd1 {[%clk 0:07:45]} Bf6 {[%clk 0:38:45]} 33. Bxa6
{[%clk 0:03:19]} bxa6 {[%clk 0:38:10]} 34. Nc3 {[%clk 0:02:53]} Rh1
{[%clk 0:25:02]} 35. Kc2 {[%clk 0:02:54]} Bh4 {[%clk 0:24:27]} 36. Qd2
{[%clk 0:03:08]} Rh2 {[%clk 0:22:14]} 37. Kd3 {[%clk 0:02:06]} Bd7
{[%clk 0:22:02]} 38. Rb2 {[%clk 0:00:32]} Rd8 {[%clk 0:22:08]} 39. Kc4
{[%clk 0:00:33]} Rc8 {[%clk 0:19:31]} 40. Nd3 {[%clk 0:00:51]} Be7
{[%clk 0:18:40]} 41. c6 {[%clk 0:00:51]} Be8 {[%clk 0:18:07]} 42. Rab1
{[%clk 0:00:32]} Qd6 {[%clk 0:17:00]} 43. Kb3 {[%clk 0:00:35]} Ng5
{[%clk 0:14:54]} 44. Qf2 {[%clk 0:00:31]} Bxc6 {[%clk 0:10:24]} 45. dxc6
{[%clk 0:00:51]} Qxc6 {[%clk 0:09:23]} 46. Qd2 {[%clk 0:00:32]} Nxf3
{[%clk 0:09:34]} 0-1

[Event "15th International Khazar Cup (Masters) 2017"]
[Site "Rasht,Guilan,Iran"]
[Date "2017.01.21"]
[Round "2"]
[Board "9"]
[White "Sharbaf, Mohsen"]
[Black "Lorparizangeneh, Shahin"]
[Result "0-1"]
[WhiteElo "2286"]
[BlackElo "2504"]
[PlyCount "0"]
[EventDate "2017.01.20"]
[EventRounds "9"]
[EventCountry "IRI"]

1. e4 {[%clk 1:30:59]} e5 {[%clk 1:26:17]} 2. Nf3 {[%clk 1:31:21]} Nc6
{[%clk 1:26:44]} 3. Nc3 {[%clk 1:31:33]} Nf6 {[%clk 1:27:01]} 4. d4
{[%clk 1:31:58]} exd4 {[%clk 1:26:43]} 5. Nxd4 {[%clk 1:32:21]} Bb4
{[%clk 1:27:09]} 6. Nxc6 {[%clk 1:32:41]} bxc6 {[%clk 1:27:37]} 7. Bd3
{[%clk 1:33:04]} d5 {[%clk 1:27:54]} 8. exd5 {[%clk 1:33:12]} O-O
{[%clk 1:28:19]} 9. O-O {[%clk 1:33:36]} cxd5 {[%clk 1:28:45]} 10. Bg5
{[%clk 1:34:01]} c6 {[%clk 1:27:55]} 11. Qf3 {[%clk 1:34:24]} Re8
{[%clk 1:22:10]} 12. Ne2 {[%clk 1:24:09]} Bg4 {[%clk 1:13:28]} 13. Qxg4
{[%clk 1:21:13]} Nxg4 {[%clk 1:13:09]} 14. Bxd8 {[%clk 1:21:36]} Raxd8
{[%clk 1:13:37]} 15. Nd4 {[%clk 1:21:54]} Ne5 {[%clk 1:13:33]} 16. Rfd1
{[%clk 1:17:17]} Bc5 {[%clk 0:57:52]} 17. Nb3 {[%clk 1:16:11]} Bb6
{[%clk 0:58:03]} 18. Bf1 {[%clk 1:15:12]} Re6 {[%clk 0:45:24]} 19. Nd4
{[%clk 1:08:54]} Rf6 {[%clk 0:45:00]} 20. c3 c5 {[%clk 0:43:20]} 21. Nc2
{[%clk 1:02:38]} d4 {[%clk 0:35:20]} 22. c4 {[%clk 0:59:27]} d3 {[%clk 0:15:27]}
23. Ne3 {[%clk 0:57:18]} Rf4 {[%clk 0:15:23]} 24. b3 {[%clk 0:57:33]} Rfd4
{[%clk 0:12:40]} 25. g3 {[%clk 0:54:18]} d2 {[%clk 0:11:54]} 26. f4
{[%clk 0:52:43]} Nf3+ {[%clk 0:08:56]} 27. Kg2 {[%clk 0:51:26]} Ne1+
{[%clk 0:09:22]} 28. Kf2 {[%clk 0:51:49]} Ba5 {[%clk 0:09:04]} 29. Nd5
{[%clk 0:51:34]} Nc2 {[%clk 0:08:57]} 30. Rab1 {[%clk 0:51:37]} Na3
{[%clk 0:08:54]} 31. Be2 {[%clk 0:50:35]} Nxb1 {[%clk 0:07:29]} 32. Rxb1
{[%clk 0:50:57]} Re8 {[%clk 0:07:45]} 33. Bf3 {[%clk 0:48:59]} Re1
{[%clk 0:06:40]} 34. Rd1 {[%clk 0:48:26]} Kf8 {[%clk 0:06:51]} 35. Ne3
{[%clk 0:45:59]} Bc3 {[%clk 0:06:09]} 36. Nd5 {[%clk 0:44:18]} Ba5
{[%clk 0:05:53]} 37. Ne3 {[%clk 0:44:33]} Rd8 {[%clk 0:06:04]} 38. Nc2
{[%clk 0:44:30]} Rde8 {[%clk 0:06:12]} 39. Nxe1 {[%clk 0:40:53]} dxe1=Q+
{[%clk 0:06:30]} 0-1

[Event "15th International Khazar Cup (Masters) 2017"]
[Site "Rasht,Guilan,Iran"]
[Date "2017.01.21"]
[Round "2"]
[Board "10"]
[White "Pourramezanali, Amirreza"]
[Black "Rastbod, Ali"]
[Result "0-1"]
[WhiteElo "2496"]
[BlackElo "2262"]
[PlyCount "0"]
[EventDate "2017.01.20"]
[EventRounds "9"]
[EventCountry "IRI"]

1. e4 {[%clk 1:29:08]} e6 {[%clk 1:18:09]} 2. d4 {[%clk 1:29:30]} d5
{[%clk 1:18:34]} 3. Nd2 {[%clk 1:29:55]} h6 {[%clk 1:19:00]} 4. Ngf3
{[%clk 1:29:54]} Nf6 {[%clk 1:19:24]} 5. e5 {[%clk 1:26:05]} Nfd7
{[%clk 1:18:43]} 6. Bd3 {[%clk 1:22:39]} c5 {[%clk 1:19:07]} 7. c3
{[%clk 1:23:05]} Nc6 {[%clk 1:19:34]} 8. O-O {[%clk 1:23:21]} g5 {[%clk 1:20:02]}
9. h3 {[%clk 1:22:56]} h5 {[%clk 1:20:16]} 10. g4 {[%clk 1:22:23]} hxg4
{[%clk 1:18:13]} 11. hxg4 {[%clk 1:22:37]} Qb6 {[%clk 1:11:04]} 12. dxc5
{[%clk 1:13:18]} Qc7 {[%clk 1:05:17]} 13. Re1 {[%clk 1:07:51]} Ndxe5 14. Nxe5
{[%clk 0:40:25]} Nxe5 {[%clk 1:02:58]} 15. Bb5+ {[%clk 0:40:48]} Bd7
{[%clk 0:55:54]} 16. Qe2 {[%clk 0:21:51]} Bxb5 {[%clk 0:47:13]} 17. Qxb5+ Nd7
{[%clk 0:45:48]} 18. Nf3 {[%clk 0:16:31]} Bxc5 {[%clk 0:44:40]} 19. Kg2
{[%clk 0:16:33]} O-O-O {[%clk 0:44:15]} 20. Bd2 {[%clk 0:13:20]} f5
{[%clk 0:33:12]} 21. Rh1 {[%clk 0:11:35]} fxg4 {[%clk 0:32:12]} 22. Nxg5
{[%clk 0:12:02]} Rxh1 {[%clk 0:30:13]} 23. Rxh1 {[%clk 0:12:31]} Rf8
{[%clk 0:30:29]} 24. Qe2 {[%clk 0:09:52]} Qe5 {[%clk 0:20:09]} 25. Qxe5
{[%clk 0:08:09]} Nxe5 {[%clk 0:20:33]} 26. Nxe6 {[%clk 0:07:12]} Rxf2+
{[%clk 0:20:56]} 27. Kg3 {[%clk 0:07:39]} Rf3+ {[%clk 0:18:40]} 28. Kg2
{[%clk 0:07:50]} Bb6 {[%clk 0:14:25]} 29. Bf4 {[%clk 0:00:55]} Ng6
{[%clk 0:14:21]} 30. Bg3 {[%clk 0:00:35]} Re3 {[%clk 0:14:50]} 31. Re1
{[%clk 0:01:05]} Kd7 {[%clk 0:14:32]} 32. Ng7 {[%clk 0:01:16]} Nf4+
{[%clk 0:14:08]} 33. Kh2 {[%clk 0:01:32]} Rxe1 {[%clk 0:14:35]} 34. Bxe1
{[%clk 0:01:58]} Nd3 {[%clk 0:14:59]} 35. Bg3 {[%clk 0:01:32]} Nxb2
{[%clk 0:15:23]} 36. Nh5 {[%clk 0:01:59]} Na4 {[%clk 0:13:39]} 37. Nf6+
{[%clk 0:01:32]} Ke6 {[%clk 0:13:49]} 38. Nxg4 {[%clk 0:02:01]} Nxc3
{[%clk 0:14:11]} 39. a3 {[%clk 0:02:18]} Bc5 {[%clk 0:14:35]} 40. Be1
{[%clk 0:02:47]} d4 {[%clk 0:14:43]} 41. Kg3 {[%clk 0:03:06]} Kd5
{[%clk 0:15:00]} 42. Kf3 {[%clk 0:03:00]} Bxa3 {[%clk 0:15:23]} 43. Nf6+
{[%clk 0:03:14]} Kc4 {[%clk 0:15:46]} 44. Nd7 {[%clk 0:03:42]} Bd6
{[%clk 0:16:05]} 0-1

[Event "15th International Khazar Cup (Masters) 2017"]
[Site "Rasht,Guilan,Iran"]
[Date "2017.01.21"]
[Round "2"]
[Board "11"]
[White "Valizadeh, Ali"]
[Black "Tabatabaei, M.Amin"]
[Result "1-0"]
[WhiteElo "2273"]
[BlackElo "2493"]
[PlyCount "0"]
[EventDate "2017.01.20"]
[EventRounds "9"]
[EventCountry "IRI"]

1. d4 {[%clk 1:27:14]} Nf6 {[%clk 1:30:52]} 2. c4 {[%clk 1:27:12]} g6
{[%clk 1:31:16]} 3. Nc3 {[%clk 1:27:34]} Bg7 {[%clk 1:31:41]} 4. Nf3
{[%clk 1:26:27]} O-O {[%clk 1:31:57]} 5. g3 {[%clk 1:26:55]} d6 {[%clk 1:31:56]}
6. Bg2 {[%clk 1:27:23]} Nc6 {[%clk 1:32:10]} 7. O-O {[%clk 1:27:50]} a6
{[%clk 1:32:33]} 8. b3 {[%clk 1:26:31]} Rb8 {[%clk 1:31:26]} 9. d5
{[%clk 0:52:47]} Na5 {[%clk 1:11:00]} 10. Bd2 {[%clk 0:53:02]} c5
{[%clk 1:08:56]} 11. dxc6 {[%clk 0:53:30]} Nxc6 {[%clk 1:09:14]} 12. Rc1
{[%clk 0:53:58]} Bd7 {[%clk 1:08:50]} 13. Ng5 b5 {[%clk 0:44:28]} 14. cxb5
{[%clk 0:30:13]} axb5 {[%clk 0:44:52]} 15. Nxb5 {[%clk 0:25:24]} Rxb5
{[%clk 0:42:39]} 16. Bxc6 {[%clk 0:25:46]} Bxc6 {[%clk 0:43:03]} 17. Rxc6
{[%clk 0:26:08]} h6 {[%clk 0:43:22]} 18. Nf3 {[%clk 0:26:07]} Qd7
{[%clk 0:43:44]} 19. Rc4 {[%clk 0:25:54]} Rh5 {[%clk 0:43:18]} 20. Rh4
{[%clk 0:24:16]} Rxh4 {[%clk 0:41:58]} 21. Nxh4 {[%clk 0:24:44]} g5
{[%clk 0:41:41]} 22. Ng2 {[%clk 0:24:44]} Ne4 {[%clk 0:41:30]} 23. Qc2
{[%clk 0:20:37]} d5 {[%clk 0:41:41]} 24. Rc1 {[%clk 0:19:10]} f5 {[%clk 0:34:59]}
25. f3 {[%clk 0:12:51]} Nxd2 {[%clk 0:25:31]} 26. Qxd2 {[%clk 0:11:47]} e6
{[%clk 0:25:21]} 27. Ne1 {[%clk 0:11:38]} g4 {[%clk 0:17:38]} 28. f4
{[%clk 0:07:58]} h5 {[%clk 0:16:57]} 29. Nd3 {[%clk 0:06:54]} h4 {[%clk 0:17:06]}
30. gxh4 {[%clk 0:06:32]} Qe7 {[%clk 0:15:29]} 31. Qe3 {[%clk 0:06:20]} Re8
{[%clk 0:15:53]} 32. Rc6 {[%clk 0:04:56]} d4 {[%clk 0:15:49]} 33. Qg3
{[%clk 0:04:55]} Bf6 {[%clk 0:13:59]} 34. h5 {[%clk 0:04:49]} Kh8
{[%clk 0:09:20]} 35. Qe1 {[%clk 0:03:42]} Qf7 {[%clk 0:06:29]} 36. Qc1
{[%clk 0:04:06]} g3 {[%clk 0:03:28]} 37. hxg3 {[%clk 0:03:34]} Rg8
{[%clk 0:03:33]} 38. Rc8 {[%clk 0:03:32]} Bd8 {[%clk 0:04:02]} 39. Qc5
{[%clk 0:01:50]} Kh7 {[%clk 0:02:31]} 40. Kg2 {[%clk 0:00:31]} Qg7
{[%clk 0:02:08]} 41. Kf1 {[%clk 0:00:31]} Qxg3 {[%clk 0:00:38]} 42. Qxd4
{[%clk 0:00:59]} Qh4 {[%clk 0:00:37]} 43. Nf2 {[%clk 0:00:49]} Bb6
{[%clk 0:00:33]} 44. Qxb6 {[%clk 0:01:05]} Rg7 {[%clk 0:00:35]} 45. Qd8
{[%clk 0:00:40]} 1-0

[Event "15th International Khazar Cup (Masters) 2017"]
[Site "Rasht,Guilan,Iran"]
[Date "2017.01.21"]
[Round "2"]
[Board "12"]
[White "Bajarani, Ulvi"]
[Black "Gholami Orimi, Mahdi"]
[Result "1/2-1/2"]
[WhiteElo "2486"]
[BlackElo "2230"]
[PlyCount "0"]
[EventDate "2017.01.20"]
[EventRounds "9"]
[EventCountry "IRI"]

1. d4 {[%clk 1:30:48]} Nf6 {[%clk 1:28:37]} 2. c4 {[%clk 1:31:08]} e6 3. Nc3
{[%clk 1:31:18]} Bb4 {[%clk 1:28:41]} 4. e3 {[%clk 1:31:39]} c5 {[%clk 1:29:02]}
5. Nge2 {[%clk 1:31:50]} cxd4 {[%clk 1:29:16]} 6. exd4 {[%clk 1:32:15]} O-O
{[%clk 1:29:27]} 7. a3 {[%clk 1:32:38]} Be7 {[%clk 1:29:49]} 8. d5
{[%clk 1:32:58]} exd5 {[%clk 1:30:15]} 9. cxd5 {[%clk 1:33:21]} Bc5
{[%clk 1:30:30]} 10. b4 {[%clk 1:32:46]} Bb6 {[%clk 1:30:42]} 11. Na4
{[%clk 1:32:39]} d6 {[%clk 1:24:42]} 12. Nxb6 {[%clk 1:31:52]} Qxb6
{[%clk 1:25:09]} 13. Be3 {[%clk 1:31:04]} Qd8 {[%clk 1:25:20]} 14. h3
{[%clk 1:30:58]} a6 {[%clk 1:23:55]} 15. Nc3 {[%clk 1:27:45]} Nbd7
{[%clk 1:23:20]} 16. Be2 {[%clk 1:27:26]} b5 {[%clk 1:22:47]} 17. O-O
{[%clk 1:27:16]} Bb7 {[%clk 1:22:56]} 18. Qd4 {[%clk 1:27:07]} Re8
{[%clk 1:22:22]} 19. a4 {[%clk 1:25:13]} bxa4 {[%clk 1:15:42]} 20. Rxa4
{[%clk 1:25:29]} a5 {[%clk 1:11:55]} 21. Rxa5 {[%clk 1:15:24]} Rxa5
{[%clk 1:11:37]} 22. bxa5 {[%clk 1:15:46]} Qxa5 {[%clk 1:12:00]} 23. Nb5
{[%clk 1:00:15]} Bxd5 {[%clk 1:08:08]} 24. Ra1 {[%clk 0:59:06]} Qd8
{[%clk 1:08:10]} 25. Nxd6 {[%clk 0:59:06]} Rf8 {[%clk 1:04:31]} 26. Ra7
{[%clk 0:56:01]} Nb8 27. Qc5 {[%clk 0:55:44]} Nc6 {[%clk 0:57:27]} 28. Ra1
{[%clk 0:51:36]} Qe7 {[%clk 0:51:22]} 29. Rd1 {[%clk 0:45:35]} Rd8
{[%clk 0:50:05]} 30. Nb5 {[%clk 0:44:54]} Qxc5 {[%clk 0:47:49]} 31. Bxc5
{[%clk 0:45:19]} Be4 {[%clk 0:46:17]} 32. Nd6 {[%clk 0:44:21]} Bg6
{[%clk 0:42:08]} 33. f3 {[%clk 0:33:40]} h6 {[%clk 0:40:04]} 34. Bb5
{[%clk 0:32:10]} Ne7 {[%clk 0:37:34]} 35. g4 {[%clk 0:30:34]} Nc8
{[%clk 0:37:08]} 36. Rd4 {[%clk 0:29:31]} Nxd6 {[%clk 0:37:15]} 37. Bxd6
{[%clk 0:29:29]} Ne8 {[%clk 0:35:54]} 38. Bc5 {[%clk 0:29:42]} Rxd4
{[%clk 0:35:55]} 39. Bxd4 {[%clk 0:30:05]} f6 {[%clk 0:35:42]} 40. f4
{[%clk 0:29:29]} h5 {[%clk 0:35:49]} 41. Bxe8 1/2-1/2

[Event "15th International Khazar Cup (Masters) 2017"]
[Site "Rasht,Guilan,Iran"]
[Date "2017.01.21"]
[Round "2"]
[Board "13"]
[White "Feyli, Sina"]
[Black "Mosadeghpour, Masoud"]
[Result "1-0"]
[WhiteElo "2258"]
[BlackElo "2478"]
[PlyCount "0"]
[EventDate "2017.01.20"]
[EventRounds "9"]
[EventCountry "IRI"]

1. d4 {[%clk 1:30:55]} Nf6 {[%clk 1:29:30]} 2. c4 {[%clk 1:31:06]} c5
{[%clk 1:28:58]} 3. d5 {[%clk 1:31:05]} e6 {[%clk 1:28:43]} 4. Nc3
{[%clk 1:31:25]} exd5 {[%clk 1:29:08]} 5. cxd5 {[%clk 1:31:47]} d6
{[%clk 1:29:30]} 6. Nf3 {[%clk 1:32:03]} g6 {[%clk 1:29:56]} 7. Nd2
{[%clk 1:30:06]} Nbd7 {[%clk 1:23:57]} 8. e4 {[%clk 1:30:03]} Bg7
{[%clk 1:23:15]} 9. Be2 {[%clk 1:30:24]} O-O {[%clk 1:22:12]} 10. O-O
{[%clk 1:30:47]} a6 {[%clk 1:17:03]} 11. a4 {[%clk 1:31:09]} Rb8 {[%clk 1:17:06]}
12. Re1 {[%clk 1:24:40]} Ne8 {[%clk 1:12:20]} 13. f4 {[%clk 1:18:28]} b6
{[%clk 1:03:47]} 14. Nc4 {[%clk 1:01:38]} Qc7 15. Na3 {[%clk 0:51:16]} Nef6
{[%clk 0:36:51]} 16. Bc4 {[%clk 0:42:57]} Re8 {[%clk 0:30:03]} 17. h3
{[%clk 0:39:14]} Bb7 {[%clk 0:26:50]} 18. Qd3 {[%clk 0:36:47]} Re7
{[%clk 0:17:58]} 19. Bd2 {[%clk 0:23:58]} Rbe8 {[%clk 0:11:41]} 20. Re2
{[%clk 0:21:43]} Nh5 {[%clk 0:03:30]} 21. Rae1 {[%clk 0:18:15]} g5
{[%clk 0:02:02]} 22. g3 {[%clk 0:16:55]} Kh8 {[%clk 0:00:39]} 23. Qf3
{[%clk 0:16:43]} Nhf6 {[%clk 0:00:46]} 24. Kh2 {[%clk 0:14:40]} Nf8
{[%clk 0:00:37]} 25. Qd3 {[%clk 0:10:23]} Ng6 {[%clk 0:00:34]} 26. e5
{[%clk 0:08:45]} Nd7 {[%clk 0:00:32]} 27. e6 {[%clk 0:08:43]} Ndf8
{[%clk 0:00:33]} 28. f5 {[%clk 0:06:56]} Ne5 {[%clk 0:00:48]} 29. Rxe5
{[%clk 0:06:54]} Bxe5 {[%clk 0:00:54]} 30. Bxg5 {[%clk 0:06:06]} fxe6
{[%clk 0:00:47]} 31. Bxe7 {[%clk 0:05:15]} Rxe7 {[%clk 0:00:51]} 32. dxe6
{[%clk 0:04:09]} d5 {[%clk 0:00:33]} 33. Nxd5 {[%clk 0:04:12]} Bxd5
{[%clk 0:00:54]} 34. Bxd5 {[%clk 0:04:37]} Rg7 {[%clk 0:01:00]} 35. Re3
{[%clk 0:04:17]} h5 {[%clk 0:00:34]} 36. h4 {[%clk 0:03:14]} Nh7 {[%clk 0:01:01]}
37. Nc4 {[%clk 0:02:16]} Bd4 {[%clk 0:01:24]} 38. e7 {[%clk 0:00:37]} Rxe7
{[%clk 0:01:49]} 39. Rxe7 {[%clk 0:00:41]} Qxe7 {[%clk 0:02:19]} 40. Be6
{[%clk 0:00:49]} Nf6 {[%clk 0:02:28]} 41. Qf3 {[%clk 0:00:51]} Qd8
{[%clk 0:02:09]} 42. Qf4 {[%clk 0:00:55]} Ng4+ {[%clk 0:02:28]} 43. Kh3
{[%clk 0:00:58]} Qa8 {[%clk 0:02:38]} 44. Qf1 {[%clk 0:01:01]} Nf2+
{[%clk 0:01:50]} 45. Kh2 {[%clk 0:01:19]} b5 {[%clk 0:00:33]} 46. axb5
{[%clk 0:01:08]} axb5 {[%clk 0:01:02]} 47. Nd6 {[%clk 0:00:53]} b4
{[%clk 0:00:48]} 48. f6 {[%clk 0:00:46]} Qc6 {[%clk 0:00:31]} 49. Nf7+
{[%clk 0:01:01]} Kh7 {[%clk 0:00:35]} 50. Ng5+ {[%clk 0:01:21]} Kg6
{[%clk 0:00:31]} 51. f7 {[%clk 0:01:01]} Kg7 {[%clk 0:00:41]} 52. Qb1
{[%clk 0:01:01]} Qa8 {[%clk 0:00:34]} 53. Qh7+ Kf6 54. Qf5+ {[%clk 0:00:49]} Ke7
{[%clk 0:01:01]} 55. Bd5 {[%clk 0:01:03]} Ng4+ {[%clk 0:00:35]} 56. Kh3
{[%clk 0:00:56]} Qf8 1-0

[Event "15th International Khazar Cup (Masters) 2017"]
[Site "Rasht,Guilan,Iran"]
[Date "2017.01.21"]
[Round "2"]
[Board "14"]
[White "Firouzja, Alireza"]
[Black "Mohandesi, Shahin"]
[Result "1-0"]
[WhiteElo "2456"]
[BlackElo "2207"]
[PlyCount "0"]
[EventDate "2017.01.20"]
[EventRounds "9"]
[EventCountry "IRI"]

1. e4 {[%clk 1:25:01]} c5 {[%clk 1:30:32]} 2. Nf3 {[%clk 1:24:39]} e6
{[%clk 1:30:46]} 3. d4 {[%clk 1:24:42]} cxd4 {[%clk 1:31:00]} 4. Nxd4
{[%clk 1:25:06]} Nc6 {[%clk 1:30:44]} 5. Nc3 {[%clk 1:24:53]} Nf6
{[%clk 1:29:37]} 6. Nxc6 {[%clk 1:24:17]} dxc6 {[%clk 1:29:05]} 7. Qxd8+
{[%clk 1:23:33]} Kxd8 {[%clk 1:29:30]} 8. Bf4 {[%clk 1:22:59]} Ke8
{[%clk 1:19:52]} 9. O-O-O {[%clk 1:07:48]} Bb4 {[%clk 1:14:11]} 10. f3
{[%clk 1:07:34]} Nd7 {[%clk 1:14:32]} 11. e5 {[%clk 0:54:40]} Bxc3
{[%clk 1:13:04]} 12. bxc3 {[%clk 0:54:56]} h6 {[%clk 1:08:18]} 13. h4
{[%clk 0:44:23]} Ke7 {[%clk 1:02:24]} 14. Rd6 {[%clk 0:39:00]} a5
{[%clk 0:57:24]} 15. Bc4 {[%clk 0:29:02]} a4 {[%clk 0:56:42]} 16. Re1
{[%clk 0:29:01]} Ra5 {[%clk 0:56:59]} 17. Bf1 {[%clk 0:25:04]} Rd8
{[%clk 0:55:04]} 18. c4 {[%clk 0:24:06]} c5 {[%clk 0:49:02]} 19. Red1
{[%clk 0:13:25]} Re8 {[%clk 0:48:29]} 20. Bd2 {[%clk 0:12:12]} Ra6
{[%clk 0:44:26]} 21. Rxa6 {[%clk 0:10:25]} bxa6 {[%clk 0:44:54]} 22. Bc3
{[%clk 0:10:38]} Bb7 {[%clk 0:45:18]} 23. Bd3 {[%clk 0:08:42]} Rc8
{[%clk 0:41:13]} 24. Re1 {[%clk 0:08:59]} Nb8 {[%clk 0:41:26]} 25. Kb2
{[%clk 0:09:08]} Nd7 {[%clk 0:39:49]} 26. Ka3 {[%clk 0:08:33]} Bc6
{[%clk 0:39:53]} 27. Re2 {[%clk 0:07:19]} Rb8 {[%clk 0:39:32]} 28. Re1
{[%clk 0:06:50]} Kd8 {[%clk 0:39:45]} 29. Ba5+ {[%clk 0:07:02]} Kc8
{[%clk 0:40:13]} 30. h5 {[%clk 0:06:47]} Kb7 {[%clk 0:38:34]} 31. Re3
{[%clk 0:04:01]} Rg8 {[%clk 0:35:38]} 32. f4 {[%clk 0:03:32]} Bxg2
{[%clk 0:30:31]} 33. Rg3 {[%clk 0:03:58]} Bc6 {[%clk 0:30:52]} 34. Bh7
{[%clk 0:04:24]} Rf8 {[%clk 0:31:19]} 35. Rxg7 {[%clk 0:04:48]} Bf3
{[%clk 0:31:47]} 36. Bg6 {[%clk 0:05:12]} Nb6 {[%clk 0:28:22]} 37. Bxb6
{[%clk 0:04:55]} Kxb6 {[%clk 0:28:51]} 38. Bxf7 {[%clk 0:03:01]} Be2
{[%clk 0:28:41]} 39. f5 {[%clk 0:02:53]} Bxc4 {[%clk 0:27:18]} 40. fxe6
{[%clk 0:03:18]} Rc8 {[%clk 0:27:29]} 41. e7 {[%clk 0:01:48]} Bxf7
{[%clk 0:27:57]} 42. Rxf7 {[%clk 0:02:12]} Re8 {[%clk 0:28:26]} 43. Kxa4
{[%clk 0:02:32]} Kc6 {[%clk 0:28:44]} 44. c4 {[%clk 0:01:07]} Kd7
{[%clk 0:29:01]} 45. Ka5 {[%clk 0:01:31]} Kc6 {[%clk 0:28:56]} 46. Rh7
{[%clk 0:01:07]} Rxe7 {[%clk 0:29:10]} 47. Rxh6+ {[%clk 0:01:24]} Kb7
{[%clk 0:29:39]} 48. Rb6+ {[%clk 0:00:54]} Kc7 {[%clk 0:30:04]} 49. Rxa6
{[%clk 0:01:09]} Rxe5 {[%clk 0:30:31]} 50. h6 {[%clk 0:01:31]} Rh5
{[%clk 0:30:41]} 51. Kb5 {[%clk 0:01:45]} Kd8 {[%clk 0:29:54]} 52. Ra8+
{[%clk 0:02:01]} Kc7 {[%clk 0:29:12]} 1-0